<?xml version="1.0" encoding="UTF-8"?>
<record
    xmlns:xsi="http://www.w3.org/2001/XMLSchema-instance"
    xsi:schemaLocation="http://www.loc.gov/MARC21/slim http://www.loc.gov/standards/marcxml/schema/MARC21slim.xsd"
    xmlns="http://www.loc.gov/MARC21/slim">

  <leader>00502nam a22001697a 4500</leader>
  <controlfield tag="008">230628b        |||||||| |||| 00| 0 eng d</controlfield>
  <datafield tag="040" ind1=" " ind2=" ">
    <subfield code="a">National Science Library</subfield>
    <subfield code="c">National Science Library</subfield>
  </datafield>
  <datafield tag="080" ind1=" " ind2=" ">
    <subfield code="a">82-32PAT</subfield>
    <subfield code="b">Q8,2</subfield>
  </datafield>
  <datafield tag="100" ind1=" " ind2=" ">
    <subfield code="a">Patsani, Prasanna</subfield>
  </datafield>
  <datafield tag="245" ind1=" " ind2=" ">
    <subfield code="a">&#x92E;&#x948;&#x902; &#x915;&#x94D;&#x92F;&#x94B;&#x902; &#x906;&#x92F;&#x93E; &#x926;&#x93F;&#x932;&#x94D;&#x932;&#x940;</subfield>
  </datafield>
  <datafield tag="246" ind1=" " ind2=" ">
    <subfield code="a">Main kyon aya Delhi </subfield>
  </datafield>
  <datafield tag="260" ind1=" " ind2=" ">
    <subfield code="a">Odisha: </subfield>
    <subfield code="b">Vishwamukti, </subfield>
    <subfield code="c">2018 </subfield>
  </datafield>
  <datafield tag="300" ind1=" " ind2=" ">
    <subfield code="a">132p. </subfield>
  </datafield>
  <datafield tag="650" ind1=" " ind2=" ">
    <subfield code="a">Literature </subfield>
  </datafield>
  <datafield tag="653" ind1=" " ind2=" ">
    <subfield code="a">Short stories </subfield>
  </datafield>
  <datafield tag="942" ind1=" " ind2=" ">
    <subfield code="2">udc</subfield>
    <subfield code="c">HBK</subfield>
  </datafield>
  <datafield tag="999" ind1=" " ind2=" ">
    <subfield code="c">48106</subfield>
    <subfield code="d">48106</subfield>
  </datafield>
  <datafield tag="952" ind1=" " ind2=" ">
    <subfield code="0">0</subfield>
    <subfield code="1">0</subfield>
    <subfield code="2">udc</subfield>
    <subfield code="4">0</subfield>
    <subfield code="6">8232PAT_Q82</subfield>
    <subfield code="7">0</subfield>
    <subfield code="9">73731</subfield>
    <subfield code="a">NSL</subfield>
    <subfield code="b">NSL</subfield>
    <subfield code="c">GF/REF-1/C-1/R-5</subfield>
    <subfield code="d">1918-12-10</subfield>
    <subfield code="l">0</subfield>
    <subfield code="o">82-32PAT Q8,2</subfield>
    <subfield code="p">252706</subfield>
    <subfield code="r">2023-06-28 00:00:00</subfield>
    <subfield code="w">1918-12-10</subfield>
    <subfield code="y">HBK</subfield>
  </datafield>
  <datafield tag="952" ind1=" " ind2=" ">
    <subfield code="0">0</subfield>
    <subfield code="1">0</subfield>
    <subfield code="2">udc</subfield>
    <subfield code="4">0</subfield>
    <subfield code="6">8232PAT_Q81</subfield>
    <subfield code="7">0</subfield>
    <subfield code="9">73733</subfield>
    <subfield code="a">NSL</subfield>
    <subfield code="b">NSL</subfield>
    <subfield code="c">GF/REF-1/C-1/R-5</subfield>
    <subfield code="d">1918-12-10</subfield>
    <subfield code="l">0</subfield>
    <subfield code="o">82-32PAT Q8,1</subfield>
    <subfield code="p">252705</subfield>
    <subfield code="r">2023-06-28 00:00:00</subfield>
    <subfield code="w">1918-12-10</subfield>
    <subfield code="y">HBK</subfield>
  </datafield>
</record>
